000 00540nam a2200169Ia 4500
008 090201s9999 xx 000 0 und d
010 _aKPL-48008
040 _bमराठी
041 _aमराठी
082 _a34291
_b48008
100 _aरमेश कर्णिक
245 _aहर्षल नेपच्युन
_cरमेश कर्णिक
260 _c2004
_bघरकुल प्रकाशन
300 _a27
_bमोठा
600 _aहर्षल नेपच्युन
942 _cBOOK
999 _c232486
_d232486